Guess the Busted song with no hints - Statistics

General Stats
  • This quiz has been taken 113 times
  • The average score is 157 of 412
Answer Stats
Hint Answer % Correct
32 | 55 | 117 | +8 others a
91%
3 | 6 | 11 | +8 others I
91%
50 | 203 | 290 | 302 the
85%
298 The
85%
95 | 112 | 183 | +7 others you
85%
29 | 48 | 87 | +13 others me
74%
17 | 44 | 92 | +8 others and
68%
156 | 341 And
68%
123 | 255 | 286 | +4 others be
62%
24 | 30 | 46 | +15 others She
62%
45 | 189 | 252 | 283 she
62%
145 | 306 so
62%
110 | 122 | 136 | +15 others to
59%
38 | 289 in
56%
8 | 39 | 63 | +6 others my
56%
114 | 246 | 277 | +2 others My
56%
109 | 137 | 241 | +3 others do
53%
20 it
53%
167 no
53%
170 No
53%
19 then
47%
121 | 200 | 253 | +5 others wants
47%
53 crashed
44%
26 | 43 | 74 | +2 others her
44%
41 | 93 | 101 | +11 others I'm
44%
320 love
44%
116 | 248 | 279 | +2 others is
38%
28 | 82 | 84 | +8 others like
38%
258 | 376 not
38%
58 some
38%
77 are
35%
21 | 357 got
35%
177 know
35%
97 | 100 | 229 | +3 others notice
35%
23 | 113 | 173 | +5 others see
35%
27 hair
32%
7 | 166 | 171 need
32%
131 there
32%
308 Your
32%
1 At
29%
324 can
29%
40 car
29%
2 first
29%
18 sunglasses
29%
16 t-shirt
29%
25 cut
26%
34 guitar
26%
9 head
26%
10 inspected
26%
13 little
26%
314 Look
26%
96 | 99 | 228 | +3 others Somebody
26%
14 | 194 things
26%
105 | 237 | 268 | +2 others What
26%
70 always
24%
165 Don't
24%
106 | 161 | 238 | +3 others have
24%
104 | 236 | 310 | 353 here
24%
187 It's
24%
5 myself
24%
297 nightie
24%
12 noticed
24%
33 red
24%
4 told
24%
202 all
21%
103 | 235 | 352 away
21%
31 bought
21%
56 bus
21%
36 drivin
21%
54 into
21%
42 kissing
21%
296 pink
21%
15 Same
21%
51 wall
21%
178 you're
21%
49 against
18%
292 bin
18%
180 but
18%
102 | 234 | 351 fading
18%
326 get
18%
115 | 247 | 278 | +2 others girlfriend
18%
266 | 384 going
18%
184 just
18%
35 kept
18%
66 memorised
18%
60 model
18%
198 of
18%
130 out
18%
164 over
18%
37 round
18%
61 | 65 | 88 | +5 others She's
18%
59 super
18%
73 clothes
15%
83 Does
15%
215 | 332 does
15%
75 favourite
15%
78 fuck
15%
108 | 240 | 271 | 389 gotta
15%
321 | 327 his
15%
91 | 223 | 340 identity
15%
111 | 243 | 274 | +2 others make
15%
196 never
15%
139 | 149 Now
15%
157 now
15%
299 nurse
15%
79 | 211 off
15%
295 pale
15%
47 slams
15%
133 soccer
15%
85 Sounds
15%
217 | 334 sounds
15%
301 through
15%
152 up
15%
118 | 250 | 281 | +2 others wannabe
15%
293 wearing
15%
22 weirder
15%
76 words
15%
62 analysed
12%
328 autograph?
12%
138 ballet
12%
323 band
12%
94 | 226 | 343 begging
12%
57 chasing
12%
303 door
12%
207 has
12%
142 heavy
12%
169 help
12%
259 | 377 joking
12%
291 loony
12%
154 pee
12%
68 phonebook
12%
201 sex
12%
64 smile
12%
143 smoker
12%
151 stands
12%
71 wears
12%
147 with
12%
309 boyfriend's
9%
300 comes
9%
175 doctor
9%
132 playing
9%
322 shitty
9%
168 special
9%
89 | 221 | 338 stealing
9%
159 stupid
9%
316 take
9%
163 taking
9%
204 | 208 time
9%
267 | 385 under
9%
185 watch
9%
261 | 379 won't
9%
179 worried
9%
318 bath
6%
160 games
6%
81 | 213 | 330 looks
6%
146 obsessed
6%
307 politely
6%
315 pretty
6%
263 | 381 provoking
6%
197 spoke
6%
162 started
6%
262 | 380 stop
6%
182 telling
6%
135 used
6%
305 whispers
6%
128 wrong
6%
192 code
3%
190 cracked
3%
195 I've
3%
210 jerk
3%
126 saying
3%
127 something's
3%
206 still
3%
193 knows
0%
No matching quizzes found
Score Distribution
Percent of People with Each Score
Percentile by Number Answered
Your Score History
You have not taken this quiz